Du lịch cộng đồng : Lý thuyết và vận dụng

Lí thuyết về cộng đồng. Lí thuyết phát triển du lịch dựa vào cộng đồng. Mối quan hệ giữa du lịch và cộng đồng. Ý nghĩa phát triển du lịch dựa vào cộng đồng. Các điều kiện để hình thành và phát triển du lịch dựa vào cộng đồng. Nghie...

Full beskrivning

Sparad:
Bibliografiska uppgifter
Huvudupphovsman: Võ, Quế
Materialtyp: Bok
Språk:Undetermined
Publicerad: Hà Nội Khoa học và Kỹ thuật 2006
Ämnen:
Taggar: Lägg till en tagg
Inga taggar, Lägg till första taggen!
Thư viện lưu trữ: Trung tâm Học liệu Trường Đại học Cần Thơ
LEADER 01159nam a2200217Ia 4500
001 CTU_133199
008 210402s9999 xx 000 0 und d
020 |c 17000 
082 |a 338.4791 
082 |b Qu250/T.1 
100 |a Võ, Quế 
245 0 |a Du lịch cộng đồng : 
245 0 |b Lý thuyết và vận dụng 
245 0 |c Võ Quế 
260 |a Hà Nội 
260 |b Khoa học và Kỹ thuật 
260 |c 2006 
520 |a Lí thuyết về cộng đồng. Lí thuyết phát triển du lịch dựa vào cộng đồng. Mối quan hệ giữa du lịch và cộng đồng. Ý nghĩa phát triển du lịch dựa vào cộng đồng. Các điều kiện để hình thành và phát triển du lịch dựa vào cộng đồng. Nghiên cứu mô hình phát triển du lịch dựa vào cộng đồng của khu vực châu Á và trong nước 
650 |a Service industries,Tourism,Công nghiệp du lịch,Ngành du lịch 
904 |i Trọng Hải 
980 |a Trung tâm Học liệu Trường Đại học Cần Thơ